Optimalizácia prípravy rastlinných bionanočastíc z odpadu potravinárskych výrob

Saved in:
Bibliographic Details
Main Author: Világi, Gabriela (Author)
Other Authors: Dercová, Katarína (Thesis advisor)
Format: Manuscript Book
Language:Slovak
Published: 2022
Subjects:
Online Access:http://is.stuba.sk/zp/portal_zp.pl?podrobnosti=157108
Tags: Add Tag
No Tags, Be the first to tag this record!

MARC

LEADER 00000ntm a22000003a 4500
001 stuzp90427
003 SK-STU
005 20220625211906.6
007 ta
008 150427s2015----xo-----f-mn---000-0-slo-d
040 |a STU  |b slo 
041 0 |a slo 
100 1 |a Világi, Gabriela  |u 044000  |4 aut  |U FCHPT Fakulta chemickej a potravinárskej technológie  |T FCHPT Ústav biotechnológie  |X 104835  |U C4000  |Y 102  |7 104835 
242 0 1 |a Optimization of plant bionanoparticle preparation from food industry waste  |y eng 
245 1 0 |a Optimalizácia prípravy rastlinných bionanočastíc z odpadu potravinárskych výrob 
260 |c 2022 
650 4 |a redukčné činidlo  |2 slo 
650 4 |a toxicita  |2 slo 
650 4 |a biosyntéza  |2 slo 
650 4 |a nanočastice  |2 slo 
650 4 |a nZVI  |2 slo 
650 4 |a biosynthesis  |2 eng 
650 4 |a nanoparticles  |2 eng 
650 4 |a nZVI  |2 eng 
650 4 |a reducing agent  |2 eng 
650 4 |a toxicity  |2 eng 
700 1 |a Dercová, Katarína  |u 044000  |k Z1  |4 ths  |U FCHPT Fakulta chemickej a potravinárskej technológie  |T FCHPT Ústav biotechnológie  |X 3334  |U C4000  |Y 102  |7 A000003334 
856 4 |u http://is.stuba.sk/zp/portal_zp.pl?podrobnosti=157108